| 000 | 00514nam a2200193Ia 4500 | ||
|---|---|---|---|
| 008 | 140110s9999 xx 000 0 und d | ||
| 020 |
_a9780415487351 _cRs.225.00 |
||
| 040 | _aLoreto College | ||
| 041 | _aEnglish | ||
| 082 |
_a370/RUS _bLCBED/14761 |
||
| 100 | _aRussell,Bertrand | ||
| 245 |
_aEducation and the social order _cBertrand Russell |
||
| 260 |
_aLondon _bRoutledge _c1993 |
||
| 300 |
_a186p. _c18cm. |
||
| 504 | _aIncludes index | ||
| 650 | _aEducation | ||
| 850 | _aLCBED/370/RUS | ||
| 942 | _cBK | ||
| 999 |
_c37788 _d88267 |
||